abc the15th ペーパー通過者 - Statistics

General Stats
  • This quiz has been taken 3 times
  • The average score is 13 of 48
Answer Stats
順位 所属 学年 Answer % Correct
12 東京大 大3 水上颯
100%
23 東京大 大4 伊沢拓司
100%
4 開成高 高2 吉原主税
67%
11 東京医歯大 大1 加瀬主税
67%
1 慶應義塾大 大4 浅間匠
33%
2 東京大 大3 青木寛泰
33%
3 京都大 大4 北村諒太
33%
5 東京大 大4 鈴木淳之介
33%
7 千葉大 大4 原滉明
33%
9 京都大 大3 櫻本航
33%
13 京都大 大2 佐野章佳
33%
14 大阪大 大2 西村優樹
33%
15 神奈川大 大3 中岡啓将
33%
16 関西大 大3 柳澤多功斗
33%
17 東京大 大2 小林逸人
33%
18 北海道大 大3 宮石陸
33%
19 京都大 大2 中江一統
33%
21 千葉大 大4 松田健見
33%
22 熊本大 大2 村上海斗
33%
24 東京大 大1 池内敦
33%
25 東京工業大 大2 高野大地
33%
27 慶應義塾大 大3 水野一希
33%
28 東京大 大4 島田翔平
33%
30 慶應義塾大 大4 佐藤顕司
33%
31 関西学院大 大4 北田吏
33%
33 東京大 大1 川田遼太
33%
36 東京学芸大 大4 森川文彦
33%
37 関西学院大 大1 山下紘大
33%
38 名古屋大 大2 鵜飼陽一
33%
41 九州大 大4 山田龍王
33%
42 京都大 大2 小松紘樹
33%
45 大阪大 大4 高野望
33%
47 早稲田大 大3 森田爽斗
33%
48 中央大 大2 鳥越勇希
33%
6 京都大 大3 折井悟
0%
8 名古屋大 大4 神谷知快
0%
10 慶應義塾大 大4 中尾祐介
0%
20 立命館大 大4 高山創一朗
0%
26 東京大 大1 谷口貴紀
0%
29 宮崎公立大 大4 簗田容識
0%
32 東京大 大4 荻田直道
0%
34 首都大 大3 塚田瑛裕
0%
35 東京大 大3 鈴木耀介
0%
39 首都大 大4 石黒拓実
0%
40 大阪大 大4 中谷航
0%
43 早稲田高 高1 釜堀恵輔
0%
44 東京大 大1 飯塚亮成
0%
46 千葉大 大3 粟飯原敬
0%
No matching quizzes found
Score Distribution
Percent of People with Each Score
Percentile by Number Answered
Your Score History
You have not taken this quiz